[Event "11th Chennai Open-GM 2019"]
[Site "Chennai"]
[Date "2019.01.22"]
[Round "7"]
[White "Aleksandrov, Aleksej"]
[Black "Pantsulaia, Levan"]
[Result "0-1"]
[WhiteElo "2582"]
[BlackElo "2597"]
[Annotator "TA"]
[PlyCount "86"]
[EventDate "2019.01.18"]
[EventType "swiss"]
[EventCountry "IND"]
[SourceTitle "playchess.com"]
[Source "ChessBase"]
[SourceQuality "1"]

{[%evp 16,86,36,36,133,7,62,0,39,17,42,34,30,0,3,6,0,0,0,0,37,-16,-16,-16,0,-37,-33,-67,0,0,0,0,0,0,0,0,0,0,0,-14,0,-46,-44,-47,-23,-42,-26,-37,-39,-70,-42,-49,-39,-66,-8,-8,-8,-8,-8,-11,0,0,0,0,0,-162,-159,-144,-78,-104,-70,-29972,-5722]} 1. d4 Nf6 2. c4 c5 3. d5 g6 4. Nc3 Bg7 5. e4 d6 6. Nf3 O-O 7. Be2 e6 8. dxe6 fxe6 9. e5 {LiveBook: 10 Games. E91: King's Indian: Classical: 6 Be2, unusual replies including 6...c5 and 6...Bg4} Ne8 (9... dxe5 $14 10. Qxd8 (10. Nxe5 Qxd1+ 11. Bxd1 Nfd7 $11) 10... Rxd8) (9... dxe5 10. Qxd8 Rxd8 11. Nxe5 Nfd7 12. Bg5 Rf8 13. Nxd7 Bxd7 14. Be7 Rc8 15. Rd1 Bc6 16. O-O Na6 {½-½ (42) Abasov,N (2516)-Mamedov,R (2660) Shamkir 2014}) 10. Ne4 $146 (10. h4 $1 $16) ({Predecessor:} 10. Bg5 Qd7 11. O-O Nc6 12. exd6 Nxd6 13. Nd2 Nd4 14. Bd3 b6 15. Nde4 Bb7 16. Nxd6 Qxd6 {½-½ (24) Cordts,I (2284)-Gschwendtner,K (2117) Bad Wiessee 2015}) 10... b6 (10... Nc6 $11) 11. exd6 (11. Bg5 $14 Qd7 12. Nxd6) 11... Bb7 12. Nfg5 Qd7 13. Bg4 Rf5 $1 14. O-O {Strongly threatening Re1.} h6 15. Nxe6 (15. Bxf5 exf5 16. Re1 fxe4 $17) 15... Qxe6 16. Ng3 Nxd6 {[#]} 17. Bf4 $1 {[%cal Rf4d6][%mdl 512]} Nf7 ({Don't go for} 17... Bxb2 $2 18. Bxd6 Bd4 19. Bf4 $1 $16 {[%mdl 512]} (19. Nxf5 gxf5 20. Bf3 Be4 $16)) (17... Rxf4 18. Bxe6+) 18. Nxf5 (18. Re1 $14 Qc6 19. Bf3 Rxf4 20. Bxc6 Nxc6 21. Qd7) 18... gxf5 $11 19. Re1 ({Reject} 19. Bf3 Be4 $17) 19... Qxc4 20. Re8+ Bf8 21. Bxh6 Nxh6 ({Black should try} 21... Nc6 $1 $15 22. Be2 Qd4 23. Rxa8 Bxa8 24. Bxf8 Kxf8) 22. Bf3 Qf7 {aiming for ...Bxf3.} 23. Bxb7 Qxe8 24. Bxa8 Bg7 25. Qd2 Qd7 $1 {[%cal Rd7d2]} 26. Qf4 Nc6 27. h3 Nd4 28. Kh1 Kh7 29. Rd1 a5 {[%cal Ba7a5,Ba5a4][%mdl 32]} 30. b3 a4 31. Qe3 Qf7 {[%cal Ra4b3]} 32. Rb1 b5 $40 {[%mdl 128] Black is up to no good.} 33. g4 axb3 34. axb3 fxg4 (34... Qf6 $15) 35. hxg4 Nxg4 36. Qh3+ $1 Nh6 {And now ...Qf5 would win.} 37. Be4+ Kh8 38. Ra1 {Threatens to win with Ra8+.} Qf4 39. Ra8+ Bf8 40. Re8 $2 {[#]} (40. Qg2 $11 {and White stays safe.} Qf6 41. Qh3 (41. Qg6 $2 Qxg6 42. Bxg6 Kg7 $19)) 40... Kg7 $1 $19 41. b4 Ne2 ({Black should play} 41... Qxf2 42. bxc5 Bxc5 43. Qg2+ Qxg2+ 44. Kxg2 Kf6) 42. Qd7+ $17 Nf7 {Hoping for ...Qc1+.} 43. bxc5 $2 {[%mdl 8192]} (43. Kg2 $15) 43... Bxc5 {Precision: White = 44%, Black = 40%.} 0-1

[Event "11th Chennai Open-GM 2019"]
[Site "Chennai"]
[Date "2019.01.22"]
[Round "7"]
[White "Deepan Chakkravarthy J."]
[Black "Saravanan, V.."]
[Result "1/2-1/2"]
[WhiteElo "2543"]
[BlackElo "2318"]
[Annotator "TA"]
[PlyCount "61"]
[EventDate "2019.01.18"]
[EventType "swiss"]
[EventCountry "IND"]
[SourceTitle "playchess.com"]
[Source "ChessBase"]
[SourceQuality "1"]

{[%evp 16,61,20,0,22,11,33,27,48,47,54,49,51,32,76,70,69,70,84,39,44,-30,-37,-39,-37,-57,-29,-74,-62,-81,-68,-394,-380,-364,0,0,0,0,0,0,0,0,0,0,0,0,0,0]} 1. d4 Nf6 2. Nf3 g6 3. Nbd2 d5 4. b4 Bg7 5. e3 Bg4 6. c4 O-O 7. Bb2 c6 8. a4 {A48: 1 d4 Nf6 2 Nf3 g6: Torre, London and Colle Systems} (8. Be2 Ne4 9. O-O Nxd2 10. Nxd2 Bxe2 11. Qxe2 Nd7 12. Rfd1 Re8 13. a4 a6 14. h3 e6 15. b5 axb5 16. axb5 {½-½ (37) Schlosser,P (2510)-Kozul,Z (2617) Karlsruhe 2018}) 8... Nbd7 9. Qb3 {LiveBook: 4 Games} Bxf3 10. Nxf3 e6 11. Be2 $146 ({Predecessor:} 11. b5 Re8 12. Be2 Ne4 13. O-O g5 14. Rad1 {1-0 (37) Ezat,M (2442)-Fawzy,A (2010) Cairo 2014}) 11... Ne4 12. O-O f5 13. Rad1 g5 14. b5 Rf6 15. Nd2 Nxd2 16. Rxd2 g4 17. f3 gxf3 18. gxf3 (18. Rxf3 $14 Rg6 19. Ba3) 18... Rg6+ $11 19. Kh1 Qg5 {[%csl Gg6][%cal Rg5g2]} 20. Bd3 Kh8 21. f4 {[#]} Qh4 $1 22. bxc6 bxc6 23. Qb7 $2 {[%mdl 8192]} ({Better is} 23. cxd5 $15 cxd5 24. Qd1) 23... Rg8 $19 {Strongly threatening ...Qh3.} 24. Qxd7 {And now cxd5 would win.} Bf8 $2 (24... Qg4 $19 {( -> ...Bh6)} 25. h3 (25. Qxc6 Bh6 26. h4 Qh3+ {[%mdl 64] Double Attack} 27. Rh2 Qxf1+ {[%mdl 64] Remove Defender, Back Rank} 28. Bxf1 Rg1#) 25... Rh6) 25. Bxf5 $1 $11 {The position is equal.} (25. Qxc6 $2 {leads to mate.} Qh3 26. Rdf2 Rg2 27. Rxg2 Qxg2#) 25... Rg1+ {[%mdl 64] [#] Decoy} 26. Rxg1 Rxg1+ 27. Kxg1 Qe1+ 28. Kg2 {[%csl Gf5][%cal Rd7h7]} Qxd2+ 29. Kf3 {[%csl Gf5][%cal Rd7h7]} Qd1+ 30. Kf2 {[%csl Gf5][%cal Rd7h7]} Qd2+ 31. Kf3 {Accuracy: White = 25%, Black = 54%.} 1/2-1/2

[Event "11th Chennai Open-GM 2019"]
[Site "Chennai"]
[Date "2019.01.22"]
[Round "7"]
[White "Tran, Tuan Minh"]
[Black "Nguyen, Van Huy"]
[Result "1/2-1/2"]
[WhiteElo "2541"]
[BlackElo "2450"]
[Annotator "TA"]
[PlyCount "82"]
[EventDate "2019.01.18"]
[EventType "swiss"]
[EventCountry "IND"]
[SourceTitle "playchess.com"]
[Source "ChessBase"]
[SourceQuality "1"]

{[%evp 23,82,-5,0,-8,-6,-74,-78,-85,-87,-76,-78,-66,-72,-106,14,23,19,19,19,19,23,7,8,0,0,0,0,0,61,0,47,37,33,0,19,0,0,0,0,0,0,0,7,0,0,0,0,0,0,0,0,0,0,0,0,0,0,0,0,0,0]} 1. d4 Nf6 2. c4 e6 3. Nc3 Bb4 4. f3 O-O 5. a3 Bxc3+ 6. bxc3 Ne8 7. e4 b6 8. Bd3 Nc6 {E27: Nimzo-Indian: Sämisch: 5...0-0 6 f3} 9. f4 (9. e5 f5 10. Nh3 Ba6 11. O-O Na5 12. Qe2 d5 13. Bg5 Qd7 14. cxd5 Bxd3 15. Qxd3 exd5 16. Rae1 {½-½ (52) Li,C (2720)-Sanal,V (2533) Khanty-Mansiysk 2017}) 9... Ba6 10. Nf3 Na5 11. Qe2 f5 12. e5 d5 {[%cal Ra6c4] LiveBook: 4 Games} 13. exd6 Nxd6 14. Nd2 $146 (14. Qxe6+ $11 {keeps the balance.} Kh8 15. Qe2) ({Predecessor:} 14. O-O Qe8 {½-½ (117) Zanan,E (2482)-Gorodetzky,D (2411) Israel 2018}) 14... Qh4+ 15. g3 Qh3 16. a4 (16. Qxe6+ $2 Kh8 $19) 16... Rad8 17. Ba3 {[%cal Bc1a3,Ba3c5,Bc5b4][%mdl 32] [#]} (17. Qxe6+ $2 Kh8 $19) 17... c5 $1 {[%mdl 512]} 18. O-O-O {[#]} (18. dxc5 Ndxc4) 18... Rfe8 (18... Ne4 $1 $17 {[%mdl 512]} 19. Kc2 (19. Bxe4 fxe4 20. dxc5 Rxd2 $15) (19. Nxe4 fxe4) 19... Rfe8) 19. dxc5 $11 bxc5 20. Bxc5 Ne4 21. Bxe4 fxe4 22. Bb4 $1 {[%cal Rb4a5]} e3 23. Qxe3 Nxc4 24. Nxc4 Bxc4 25. Rd2 (25. Qxa7 $2 Qg2 $19) 25... Rd5 (25... Rxd2 $11 26. Qxd2 Ra8) 26. Re1 ({White should play} 26. Rhd1 $14 Ra8 27. Rxd5 exd5 28. Re1) 26... Red8 27. Rxd5 Bxd5 28. Qd2 Rc8 {The position is equal.} 29. Kb2 h6 30. a5 Qh5 31. Re5 Qe8 32. Qe2 Qc6 ({Don't go for} 32... Qa4 $2 33. Rxd5 $1 {[%mdl 512]} Re8 34. Rd6 $18) 33. f5 exf5 ({Avoid the trap} 33... Qa4 $2 {[#]} 34. Rxd5 $1 {[%mdl 512]} exd5 35. Qe6+ Kh7 36. Qxc8 $18) 34. Rxf5 Re8 35. Re5 Rxe5 36. Qxe5 Qc4 37. Kc1 Be4 38. Qd4 Qe2 {[%csl Ge4][%cal Re2c2]} 39. Qd2 Qf1+ 40. Kb2 Kh7 41. Kb3 Bd3 {Accuracy: White = 56%, Black = 68%.} 1/2-1/2

[Event "11th Chennai Open-GM 2019"]
[Site "Chennai"]
[Date "2019.01.22"]
[Round "7"]
[White "Karthik Venkataraman"]
[Black "Shyaamnikhil P"]
[Result "1-0"]
[WhiteElo "2515"]
[BlackElo "2446"]
[Annotator "TA"]
[PlyCount "93"]
[EventDate "2019.01.18"]
[EventType "swiss"]
[EventCountry "IND"]
[SourceTitle "playchess.com"]
[Source "ChessBase"]
[SourceQuality "1"]

{[%evp 16,93,39,35,26,37,30,29,38,35,36,39,35,24,25,21,31,16,16,13,14,18,21,13,11,18,46,0,50,50,43,43,41,41,50,41,50,39,45,12,37,0,49,35,62,53,54,64,68,59,59,59,74,75,68,73,66,60,82,60,60,52,136,135,129,114,125,128,116,117,123,110,152,145,206,188,473,459,430,411]} 1. d4 Nf6 2. Nf3 e6 3. c4 d5 4. Nc3 a6 5. cxd5 exd5 6. Bg5 {D37: Queen's Gambit Declined: 5 Bf4} Be6 7. e3 Nbd7 8. Bd3 h6 9. Bf4 {LiveBook: 24 Games} c5 (9... g5 10. Bg3 Nh5 11. Be5 Nhf6 12. Bg3 Nh5 13. Qb3 Nxg3 14. hxg3 {½-½ (48) Karjakin,S (2773)-Caruana,F (2822) Saint Louis 2018}) 10. dxc5 Nxc5 11. O-O $146 (11. h3 {is more complex.} Be7 12. O-O O-O 13. Nd4 Rc8 14. Bf5) ({Predecessor:} 11. Rc1 Bd6 12. Bxd6 Qxd6 13. O-O O-O {½-½ (21) Duchardt,A (2317)-David Bordier,C (2318) ICCF email 2017}) 11... Bd6 12. Bxd6 Qxd6 13. h3 O-O 14. Be2 Bf5 15. Rc1 Rfd8 16. b4 Ne6 17. Qb3 Rac8 18. Rfd1 Rc7 19. Bd3 Bxd3 20. Rxd3 Rc4 21. a3 (21. Qxc4 $5 dxc4 22. Rxd6 Rxd6 23. a4 $14) 21... Ne4 22. Rcd1 {[%cal Rc3d5]} Nxc3 23. Rxc3 b5 24. Rcd3 Qc7 25. Qb2 ({Don't blunder} 25. Rxd5 $2 Rxd5 26. Rxd5 Rc3 $19) 25... Rc2 26. Qb1 Rd6 27. Ne1 Rc4 28. Qb2 Qd8 29. Nf3 Qc7 30. Qe5 Rc1 31. g3 f6 32. Qh5 Rxd1+ 33. Rxd1 Qd7 34. Nd4 Nxd4 35. Rxd4 $16 {[%mdl 4096] Endgame KQR-KQR} Kf8 36. Kg2 Qc6 37. Qg6 Qd7 38. Qh7 Qe6 (38... f5 $14) 39. Qh8+ Qg8 40. Qxg8+ Kxg8 {KR-KR} 41. e4 {[%cal Be3e4,Be4d5,Bd5d6][%mdl 32]} Kf7 42. exd5 f5 43. Kf3 Rd8 44. Rd3 Rc8 (44... Kf6 $16 45. Kg2 Rd6) 45. h4 $18 g5 $2 {[#]} (45... Rc2 46. d6 Ke8) 46. hxg5 hxg5 47. d6 {Precision: White = 73%, Black = 49%.} 1-0

[Event "11th Chennai Open-GM 2019"]
[Site "Chennai"]
[Date "2019.01.22"]
[Round "7"]
[White "Deviatkin, Andrei"]
[Black "Erigaisi Arjun"]
[Result "1/2-1/2"]
[WhiteElo "2461"]
[BlackElo "2548"]
[Annotator "TA"]
[PlyCount "153"]
[EventDate "2019.01.18"]
[EventType "swiss"]
[EventCountry "IND"]
[SourceTitle "playchess.com"]
[Source "ChessBase"]
[SourceQuality "1"]

{[%evp 16,153,18,6,0,-8,0,-14,-24,-19,-25,-69,-71,-115,-119,-161,-152,-154,-164,-161,-163,-234,-219,-259,-259,-259,-272,-268,-267,-255,-243,-248,-229,-235,-235,-227,-209,-232,-197,-175,-194,-182,-155,-162,-104,-104,-114,-117,-105,-114,-105,-107,-100,-119,-87,-277,-250,-243,-235,-343,-320,-451,-399,-402,-399,-393,-377,-722,-375,-354,-300,-422,-372,-421,-414,-414,-408,-410,-396,-356,-287,-290,-285,-283,-280,-260,-254,-303,-300,-286,-252,-323,-289,-340,-329,-541,-539,-525,-517,-487,-473,-474,-469,-368,-66,-66,-68,-68,-65,-65,-64,-64,-64,-64,-62,-62,-62,-653,-61,-61,-61,-62,-62,-62,-62,-62,-62,-62,-64,-64,-62,-62,-62,-62,-61,-62,-61,-64,-64,-64]} 1. e4 {[%cal Be2e4,Be4e5][%mdl 32]} c5 2. c3 Nf6 3. e5 Nd5 4. g3 d6 5. exd6 e6 6. Bg2 Bxd6 7. Ne2 {B22: Sicilian: 2 c3} (7. Nf3 Nc6 8. O-O O-O 9. d4 cxd4 10. Nxd4 Nxd4 11. Qxd4 Qc7 12. Nd2 Rd8 13. Qc4 Bc5 14. Qe2 Bd7 15. Nb3 Bf8 16. c4 Nb4 17. Bf4 Qc8 18. Na5 Nc6 19. Nxc6 Bxc6 20. Rfd1 Bxg2 21. Rxd8 Qxd8 22. Kxg2 a6 23. Rd1 Qe8 24. Qe4 b5 25. Bd6 bxc4 26. Bxf8 Qxf8 27. Kf3 {½-½ (27) Marcelin,C (2462)-Van Wely,L (2667) Brest 2018}) 7... O-O 8. d4 Nc6 9. O-O {LiveBook: 8 Games. The position is equal.} Qe7 10. a3 $146 ({Predecessor:} 10. Re1 Rd8 11. Nd2 cxd4 12. Nxd4 Nxd4 13. Bxd5 Nc6 14. Be4 Bd7 15. Nc4 Bc7 16. Qh5 h6 17. Ne3 Be8 18. Qe2 {½-½ (18) Sequera Paolini,J (2357)-Urday Caceres,H (2486) Cali 2000}) 10... Rd8 11. dxc5 Bxc5 12. Qc2 b5 13. Nd2 Bb7 14. b4 Bb6 $36 {[%mdl 2048] Black is in control.} 15. c4 Nd4 16. Nxd4 Bxd4 17. cxd5 {[#] Bb2 is the strong threat.} Bxa1 18. Nb3 (18. dxe6 $142 Bxg2 19. exf7+ Qxf7 20. Kxg2) 18... Rac8 $19 (18... Bxd5 19. Bxd5 Rxd5 20. Nxa1 $14) 19. Qb1 Bf6 ({Stronger than} 19... Bxd5 20. Bxd5 Rxd5 21. Qxa1 $14) 20. dxe6 Bxg2 ({Don't do} 20... fxe6 21. Bxb7 Qxb7 22. Nc5 $19) 21. exf7+ Qxf7 22. Kxg2 Qd5+ 23. Kg1 Qd3 24. Qxd3 Rxd3 25. Nc5 Rd5 26. Be3 Bd4 27. Bxd4 Rxd4 {[%mdl 4096] Endgame KRR-KRN} 28. Re1 Kf7 29. Re5 Rc6 (29... Re8 $19 30. Rf5+ Kg8) 30. Kg2 $17 h6 31. h4 Rd1 32. h5 Ra1 33. Re3 Ra2 34. Rd3 a6 35. g4 $2 {[#]} (35. Ne4 $17) 35... Rf6 $1 $19 36. Kg3 Rfxf2 37. Rd7+ (37. Nxa6 $142 Rg2+ 38. Kh3) 37... Kg8 38. Ne6 (38. Rd8+ $142 Kh7 39. Rd3) 38... Rg2+ 39. Kf3 Raf2+ 40. Ke3 Rf6 41. Rxg7+ Kh8 42. Re7 Rxg4 43. Re8+ (43. Nc5 {was the only chance.}) 43... Kh7 44. Nf8+ Kg7 45. Nd7 Rf5 46. Re7+ Kh8 47. Re8+ Kh7 48. Re6 {intending Nf6+.} Rgg5 49. Rxa6 Kg7 50. Nc5 {next Ne6+ is good for White.} Rxh5 51. a4 bxa4 52. Rxa4 Rf7 53. Ke4 Kh7 54. Ke3 Rhf5 55. Ne4 $2 (55. Kd4 {might work better.} Rf4+ 56. Kd3) 55... Re7 56. b5 Rxb5 57. Kf4 Reb7 58. Ra6 Rf7+ 59. Kg4 {If White can now play Nf6+ this consolidates a bit.} Re5 $2 (59... Rbf5 $19 60. Kh3 Re5) 60. Nf6+ $15 Kh8 61. Nh5 $1 Rg5+ 62. Kh4 Rg1 63. Rxh6+ Kg8 64. Rf6 Ra7 65. Rf4 Kh7 66. Nf6+ $2 {[%mdl 8192]} (66. Rf5 $15) 66... Kh6 $2 (66... Kg6 $19 67. Rg4+ Rxg4+ 68. Nxg4 Kf5 69. Ne3+ Kf4 70. Nd5+ Ke4 71. Nf6+ Kf5) 67. Ng4+ {Black is slightly better.} Kg7 68. Kg5 Ra5+ 69. Rf5 Ra6 {Hoping for ...Rg6+.} 70. Rf4 Rb6 71. Kf5 Rb5+ 72. Ne5 Rg6 73. Re4 Rh6 74. Kg4 Rb2 75. Kg3 Re6 76. Rg4+ Kf6 77. Nf3 {Precision: White = 55%, Black = 72%.} 1/2-1/2

[Event "11th Chennai Open-GM 2019"]
[Site "Chennai"]
[Date "2019.01.22"]
[Round "7"]
[White "Lugovskoy, Maxim"]
[Black "Paichadze, Luka"]
[Result "1/2-1/2"]
[WhiteElo "2445"]
[BlackElo "2583"]
[Annotator "TA"]
[PlyCount "119"]
[EventDate "2019.01.18"]
[EventType "swiss"]
[EventCountry "IND"]
[SourceTitle "playchess.com"]
[Source "ChessBase"]
[SourceQuality "1"]

{[%evp 23,119,0,0,0,0,0,9,0,0,0,6,-6,0,-13,-6,-59,-12,-22,-8,-33,0,-30,-23,-18,-16,-26,0,0,0,0,0,0,0,-2,0,0,0,0,0,-14,-10,-12,-10,-8,-8,-47,-20,-18,-21,-30,-28,-16,-5,-13,-13,-14,0,0,0,0,0,0,0,0,0,-10,-10,-13,-10,-12,0,-14,0,-15,-11,-18,-8,-59,-18,-69,-13,-65,-75,-113,-113,-86,-12,-27,-8,-8,-8,-8,-8,-8,-8,-8,-8,-8]} 1. e4 c6 2. d4 d5 3. Nc3 dxe4 4. Nxe4 Bf5 5. Ng3 Bg6 6. N1e2 Nf6 7. Nf4 e5 8. dxe5 {B18: Classical Caro-Kann: 4...Bf5 sidelines} Qa5+ 9. c3 Qxe5+ 10. Be2 (10. Qe2 Nbd7 11. Nxg6 hxg6 12. Bf4 Qxe2+ 13. Bxe2 Bc5 14. Bf3 O-O-O 15. O-O Nd5 16. Bxd5 cxd5 {½-½ (51) Svidler,P (2727)-Giri,A (2793) Baku 2015 CBM 169 [Ramirez Alvarez,Alejandro]}) 10... Nbd7 {[%cal Bb8d7,Bd7b6,Bb6d5][%mdl 32]} 11. O-O O-O-O 12. Qa4 Bc5 {LiveBook: 8 Games} 13. Nd3 Bxd3 $1 14. Bxd3 Nb6 15. Qc2 Nbd5 {[#]} 16. Bd2 $146 g6 17. b4 Bb6 18. Rae1 Qd6 19. Rd1 ({Better is} 19. Bg5 $11) 19... Bc7 20. Be2 h5 {[#] ...h4 is the strong threat.} 21. Rfe1 $1 Rhe8 22. Bf3 (22. Bg5 $5 {[%cal Rc3c4]} Rd7 23. Qc1 $14) 22... Rxe1+ 23. Bxe1 Qe6 24. Bd2 Nb6 25. Re1 Qd6 26. Bg5 Re8 27. Rxe8+ Nxe8 28. Nf1 Ng7 29. a4 Ne6 30. Be3 a6 31. b5 axb5 32. axb5 cxb5 33. Qe4 Nd8 $1 34. Qe8 Nd7 35. Qe4 Ne5 {next ...f5 is good for Black.} 36. Be2 f5 37. Qb1 Ng4 38. Bxg4 hxg4 39. Qxb5 Nc6 40. Qc4 Nd8 41. Qa4 Qc6 42. Qd4 b6 43. Qg7 Qe6 44. Bg5 Nf7 $36 {[%mdl 2048] Black is pushing.} 45. Bf6 Nd6 46. Bd4 Ne4 47. Qh6 Kb7 48. Qg7 f4 49. Qf8 {[#]} f3 $1 {[%mdl 512] Hoping for ...fxg2.} 50. Qh6 (50. h4 $11) (50. gxf3 Ng5) 50... fxg2 51. Kxg2 (51. Ng3 $11) 51... Qf5 ({Black should play} 51... Qc6 $15 52. Kg1 Qd5) 52. Qe3 (52. h4 $1 $11) 52... Qd5 {Strongly threatening ...Ng5+.} 53. f3 Ng5 {[%cal Rg4f3]} 54. Nd2 gxf3+ (54... b5 $17) 55. Nxf3 $11 Nxf3 (55... Ne4 {is more complex.} 56. Kg1 Qf5 57. Kh1 Bf4 58. Qe2 g5) 56. Qxf3 {The position is equal.} Qxf3+ 57. Kxf3 Bxh2 {Threatening ...b5.} 58. Bxb6 Kxb6 $17 {KB-KP} 59. Kg4 $1 Kc5 60. Kg5 {Precision: White = 53%, Black = 49%.} 1/2-1/2

[Event "11th Chennai Open-GM 2019"]
[Site "Chennai"]
[Date "2019.01.22"]
[Round "7"]
[White "Laxman, R.R."]
[Black "Deshmukh, Anup"]
[Result "1/2-1/2"]
[WhiteElo "2421"]
[BlackElo "2259"]
[Annotator "TA"]
[PlyCount "65"]
[EventDate "2019.01.18"]
[EventType "swiss"]
[EventCountry "IND"]
[SourceTitle "playchess.com"]
[Source "ChessBase"]
[SourceQuality "1"]

{[%evp 25,65,26,27,33,34,24,25,11,25,20,7,11,23,0,0,0,0,0,0,0,27,0,23,-45,-39,-56,-41,-27,-10,-40,-10,-20,0,0,0,0,0,0,0,0,0,0]} 1. d4 Nf6 2. Nf3 d5 3. c4 c6 4. e3 Bf5 5. Nc3 e6 6. Nh4 Be4 7. f3 Bg6 8. Qb3 Qc7 9. Bd2 {D12: Slav Defence: 3 Nf3 Nf6 4 e3 Bf5} Be7 10. g3 (10. O-O-O dxc4 11. Bxc4 a6 12. Be2 Nbd7 13. Nxg6 hxg6 14. Kb1 c5 15. d5 exd5 16. Nxd5 Nxd5 17. Qxd5 {0-1 (31) Karjakin,S (2773)-Caruana,F (2822) Saint Louis 2018}) 10... Nbd7 11. cxd5 Nxd5 12. Nxg6 hxg6 13. O-O-O a5 {[%cal Ba7a5,Ba5a4,Ba4a3][%mdl 32] LiveBook: 3 Games} 14. Nxd5 exd5 15. e4 a4 $146 16. Qc2 Qb6 17. Bc3 a3 18. b3 Bb4 19. h4 Bxc3 20. Qxc3 dxe4 21. fxe4 {[%cal Bf3e4,Be4e5][%mdl 32]} Nf6 22. Bg2 O-O 23. e5 Nd5 24. Bxd5 (24. Qd2 $11) 24... cxd5 $15 25. Kb1 Rac8 $1 {[%cal Rc8c3]} 26. Qd3 Qb4 27. h5 Rc3 28. Qd2 {The position is equal.} Rfc8 {[#] Hoping for ...Rxb3+!} 29. hxg6 fxg6 {aiming for ...Rxb3+!} 30. Qh2 Rxb3+ 31. axb3 Qxb3+ 32. Ka1 {[#] White threatens Qh8+ and mate.} Qc3+ 33. Ka2 {Precision: White = 56%, Black = 52%.} 1/2-1/2

[Event "11th Chennai Open-GM 2019"]
[Site "Chennai"]
[Date "2019.01.22"]
[Round "7"]
[White "Czebe, Attila"]
[Black "Stupak, Kirill"]
[Result "0-1"]
[WhiteElo "2418"]
[BlackElo "2542"]
[Annotator "TA"]
[PlyCount "72"]
[EventDate "2019.01.18"]
[EventType "swiss"]
[EventCountry "IND"]
[SourceTitle "playchess.com"]
[Source "ChessBase"]
[SourceQuality "1"]

{[%evp 9,72,-59,-68,-61,-42,-55,-51,-100,-37,-37,-38,-124,-5,-13,-16,-24,-28,-71,-47,-224,-149,-238,-247,-312,-312,-308,-311,-312,-299,-303,-247,-262,-247,-247,-247,-247,-247,-247,-243,-240,-243,-237,-251,-265,-265,-265,-259,-265,-263,-275,-261,-271,-270,-269,-258,-289,-289,-529,-527,-506,-523,-478,-519,-496,-492]} 1. Nf3 d5 {[%cal Bd7d5,Bd5d4][%mdl 32]} 2. c4 d4 3. b4 (3. e3 Nc6 4. b4 dxe3 5. fxe3 e5 6. b5 Nb4 7. Nc3 Bf5 8. e4 Bg4 9. a3 Bxf3 10. gxf3 Nd3+ 11. Bxd3 Qxd3 12. Qe2 {1-0 (30) Iturrizaga Bonelli,E (2636)-Xiong,J (2651) chess.com INT 2018}) 3... g5 {[%cal Bg7g5,Bg5g4][%mdl 32]} 4. d3 g4 5. Nfd2 e5 6. g3 $146 {A09: Réti Opening: 1 Nf3 d5 2 c4} ({Predecessor:} 6. Qb3 a5 7. b5 Nd7 8. e3 Nc5 9. Qc2 Bf5 10. e4 Be6 {0-1 (50) Frisk,E (2266)-Shyam,S (2489) Caleta 2015}) 6... h5 {[%cal Bh7h5,Bh5h4][%mdl 32]} 7. Bg2 h4 8. O-O {Black is slightly better.} Ne7 (8... Qd7 $17 9. c5 f6 10. gxh4 a5) 9. Ne4 $15 {[%cal Re4f6]} Ng6 10. f3 {[#]} (10. Qa4+ $15 Bd7 11. b5) 10... f5 (10... gxf3 $1 $17 11. Rxf3 f5) 11. fxg4 $11 fxe4 12. Bxe4 Rg8 {Threatens to win with ...c6.} 13. Qe1 hxg3 14. Bd5 $2 ({White has to play} 14. hxg3 $15 Be6 15. Bxb7) 14... Rg7 15. Qxg3 (15. hxg3 $17 c6 16. Be4) 15... c6 $19 16. Be4 Nf4 17. Rxf4 exf4 18. Bxf4 Bxg4 (18... Bxb4 19. g5 $19) 19. Be5 Qg5 20. Na3 Be6 ({Don't take} 20... Bxb4 21. Nc2 $17) 21. Bxg7 Qxg3+ 22. hxg3 {aiming for Bxf8.} Bxg7 23. Kg2 Nd7 24. b5 Nc5 25. Bf3 Kd7 26. bxc6+ bxc6 27. Rh1 Rg8 28. Rh5 Kd6 29. Rg5 Be5 30. Rxg8 Bxg8 31. Nc2 a5 32. Bh5 Bh7 33. Kf3 $2 {[#]} (33. Ne1) 33... Nxd3 $1 {[%mdl 512] Black is clearly winning.} 34. exd3 Bxd3 35. Ne1 Bxc4 36. a3 Bd5+ {Precision: White = 39%, Black = 76%.} 0-1

[Event "11th Chennai Open-GM 2019"]
[Site "Chennai"]
[Date "2019.01.22"]
[Round "7"]
[White "Girish, A. Koushik"]
[Black "Kurbonboeva, Sarvinoz"]
[Result "1-0"]
[WhiteElo "2411"]
[BlackElo "2214"]
[Annotator "TA"]
[PlyCount "95"]
[EventDate "2019.01.18"]
[EventType "swiss"]
[EventCountry "IND"]
[SourceTitle "playchess.com"]
[Source "ChessBase"]
[SourceQuality "1"]

{[%evp 16,95,18,18,44,56,83,72,65,76,100,50,57,55,52,50,58,57,53,53,53,55,55,55,48,46,100,97,135,120,133,9,9,8,8,16,14,8,16,15,19,12,8,8,8,8,83,77,185,189,217,194,190,193,283,278,260,254,245,245,331,339,341,337,362,377,505,433,543,541,487,520,29967,11502,5903,5895,29973,29974,29974,29974,29968,11733]} 1. Nf3 Nf6 2. g3 g6 3. b3 b6 4. Bb2 Bg7 5. Bg2 Bb7 6. c4 c5 7. O-O O-O 8. d4 cxd4 9. Qxd4 {LiveBook: 155 Games} Qc7 $146 {A30: Symmetrical English: Double Fianchetto and Hedgehog} ({Predecessor:} 9... d6 10. Nc3 Nbd7 11. Rac1 Rc8 12. Rfd1 Rc5 13. Ne1 Bxg2 14. Nxg2 Re8 15. Nd5 b5 16. Nge3 bxc4 17. Rxc4 Qb8 18. Rxc5 Nxc5 19. Nxf6+ Bxf6 20. Qd2 Bxb2 21. Qxb2 {1-0 (48) Bu,X (2725)-Dubov,D (2696) Liaocheng 2018}) 10. Nc3 Qc5 11. Nd5 Bxd5 {White is better.} 12. cxd5 Qxd5 13. Qxd5 Nxd5 14. Bxg7 Kxg7 15. Nh4 e6 16. Rfd1 Na6 17. Bxd5 exd5 18. Rxd5 Rfd8 19. Rad1 Nb4 20. R5d2 Rdc8 (20... Rac8 $14) 21. Nf3 $16 a5 22. Rxd7 Nxa2 23. Ng5 (23. R1d6 $1 $16) 23... Rc1 $1 $11 24. Rxf7+ Kg8 $1 25. Rxc1 Nxc1 {[%mdl 4096] Endgame KRN-KRN} 26. Rb7 Nxb3 27. Nxh7 {Hoping for Nf6+.} Nc5 28. Nf6+ Kf8 29. Rxb6 {Black should prevent Rc6.} a4 {And now ...a3 would win.} 30. Rb5 Nb3 (30... Ne6 $1 $11 31. Rb2 a3) 31. Nd7+ $1 $16 Kg7 {[#]} (31... Kg8 $16 {might work better.}) 32. Rb7 $1 $18 Kg8 {[#]} 33. Nb6 $1 {[%cal Rb6a8]} Nc5 34. Rc7 Ra5 (34... Ra6 $142) 35. Nc4 Rb5 36. h4 Ne4 37. Kg2 Rb1 {and the idea ...Rc1 leaves Black hopeful.} 38. Ra7 Nc3 39. e3 Ra1 40. f4 Nb1 41. g4 a3 42. h5 {Threatens to win with h6.} gxh5 43. gxh5 a2 (43... Ra2+ $18 44. Kf3 Rh2 45. Nxa3 Nc3) 44. h6 (44. Ne5 $142 Na3 45. Rxa3 Rb1 46. Rxa2 Kh7 47. Ra6 Rb7 48. Ng4 Rb5 49. Kf3) 44... Na3 45. Rxa3 Rc1 46. Rxa2 {White mates.} Rxc4 47. Kf3 Kh7 48. Ra6 {Accuracy: White = 85%, Black = 45%.} 1-0